| 000 | 01562cam a22003251 4500 | ||
|---|---|---|---|
| 001 | 9876103 | ||
| 003 | ARRUPE | ||
| 005 | 20150311145411.0 | ||
| 008 | 830524s1967 maua b 000 0 eng | ||
| 010 | _a 66023043 | ||
| 035 | _a(OCoLC)9542028 | ||
| 040 |
_aDLC _cCNoS _dDLC |
||
| 041 | 1 |
_aeng _hfre |
|
| 050 | 0 | 0 |
_aR850 _b.C55 |
| 082 | _a612/.0072/4 | ||
| 245 | 0 | 0 |
_aClaude Bernard and experimental medicine: _bCollected papers from a symposium commemorating the centenary of the publication of An introduction to the study of experimental medicine. And the first English translation of Claude Bernard's Cahier rouge. _cEdited by Francisco Grande and Maurice B. Visscher. |
| 260 |
_aCambridge, Mass., _bSchenkman Pub. Co. _c[1967] |
||
| 300 |
_a210, vi, 120 p. _billus. _c23 cm. |
||
| 500 | _aThe symposium was held at the University of Minnesota as part of the celebration of the 75th anniversary of the founding of the Medical School of the University. | ||
| 500 | _aThe translation of Le Cahier rouge has special t.p. | ||
| 504 | _aIncludes bibliographies. | ||
| 600 | 1 | 0 |
_aBernard, Claude, _d1813-1878. _tIntroduction à l'étude de la médecine expérimentale. _916200 |
| 700 | 1 |
_aGrande, Francisco, _eed. _916201 |
|
| 700 | 1 |
_aVisscher, Maurice B., _d1901-1983, _eed. _916202 |
|
| 700 | 1 | 2 |
_aBernard, Claude, _d1813-1878. _tCahier rouge. _lEnglish. _916203 |
| 710 | 2 |
_aUniversity of Minnesota. _916204 |
|
| 710 | 2 |
_aUniversity of Minnesota. _bMedical School. _916205 |
|
| 906 |
_a7 _bcbc _coclcrpl _du _encip _f19 _gy-gencatlg |
||
| 942 |
_2lcc _cMONOGRAPH |
||
| 999 |
_c122403 _d122403 |
||